Anglicko-slovenská terminológia z podnikového hospodárstva - výroba
Anglicko-slovenská terminológia týkajúca sa výroby, výrobných procesov a výrobných faktorov. Objasnenie niektorých súvisiacich pojmov, nakoľko je možné sa stretnúť z ich nesprávnou interpretáciou. Článok vznikol v súvislosti s riešením grantovej úlohy, ktorú spracováva tím z Katedry podnikovohospodá...
Salvato in:
| Autore principale: | |
|---|---|
| Natura: | Capitolo di libro |
| Lingua: | slovacco inglese |
| Soggetti: | |
| Tags: |
Nessun Tag, puoi essere il primo ad aggiungerne!!
|
MARC
| LEADER | 00000naa$a2200000$$$4500 | ||
|---|---|---|---|
| 001 | 0041630 | ||
| 005 | 20240502071511.6 | ||
| 041 | 0 | |a slo | |
| 041 | 0 | |a eng | |
| 044 | |a SK | ||
| 245 | 1 | 0 | |a Anglicko-slovenská terminológia z podnikového hospodárstva - výroba |c Eva Kováčová |
| 520 | |a Anglicko-slovenská terminológia týkajúca sa výroby, výrobných procesov a výrobných faktorov. Objasnenie niektorých súvisiacich pojmov, nakoľko je možné sa stretnúť z ich nesprávnou interpretáciou. Článok vznikol v súvislosti s riešením grantovej úlohy, ktorú spracováva tím z Katedry podnikovohospodárskej EU v Bratislave. | ||
| 610 | 2 | 0 | |a výroba |
| 610 | 2 | 0 | |a proces výrobný |
| 610 | 2 | 0 | |a faktory výrobné |
| 610 | 2 | 0 | |a terminológia |
| 610 | 2 | 0 | |a jazykoveda |
| 100 | 1 | |a Kováčová, Eva | |